Horas extra : los nuevos tiempos del narcotráfico /
Jesús Blancornelas (1936-)nació en San Luis Potosí. Realizó estudios de contador privado y empezó su carrera periodística como redactor de deportes en 1956. En 1977 fundó el periódico ABC de Tijuana y en 1980 el Semanario Zeta. Ha recibido el Premio Nacional de Periodismo, el Premio Internacional de...
Kaydedildi:
| Yazar: | |
|---|---|
| Materyal Türü: | Kitap |
| Dil: | İspanyolca |
| Baskı/Yayın Bilgisi: |
México :
Plaza y Janés,
2003, c2003
|
| Konular: | |
| Etiketler: |
Etiket eklenmemiş, İlk siz ekleyin!
|
MARC
| LEADER | 00000nam^a2200000^a^4500 | ||
|---|---|---|---|
| 001 | 000156632 | ||
| 005 | 20250521000000.0 | ||
| 009 | 20260310100511.418 | ||
| 020 | |a 970-05-1656-3 | ||
| 037 | |a Acervo ITESO - Biblioteca | ||
| 041 | |a ESP | ||
| 082 | |a 320. 972063 |b BLA | ||
| 100 | |a Blancornelas, J. Jesús |e (autor) | ||
| 245 | 1 | 0 | |a Horas extra : |b los nuevos tiempos del narcotráfico / |c J.J. Blancornelas. |
| 264 | 4 | |a México : |b Plaza y Janés, |c 2003, c2003 | |
| 300 | |a 426 p. | ||
| 336 | |a texto |b txt |2 rdacontenido | ||
| 337 | |a sin mediación |b n |2 rdamedio | ||
| 338 | |a volumen |b nc |2 rdasoporte | ||
| 520 | |a Jesús Blancornelas (1936-)nació en San Luis Potosí. Realizó estudios de contador privado y empezó su carrera periodística como redactor de deportes en 1956. En 1977 fundó el periódico ABC de Tijuana y en 1980 el Semanario Zeta. Ha recibido el Premio Nacional de Periodismo, el Premio Internacional del Comité de Protección a Periodistas, y el Premio Mundial de Periodismo otorgado por la UNESCO. Es autor de: Biebrich, Crónica de la infamia, Pasaste a mi lado, Una vez nada más, Conversaciones privadas, El cartel: los Arellano Félix, la mafia más poderosa de América latina, y es coautor del libro De lomas taurinas a Los pinos. La presente obra es una crónica del proceso de conformación del nuevo cartel del narcotráfico en México, demostrando que los carteles de la droga han mostrado gran capacidad de regeneración, misma que les ha permitido rebasar a cualquier autoridad, ya sea estatal, municipal e incluso nacional. | ||
| 649 | |a XX | ||
| 650 | |a Narcotraficantes Mexicanos | ||
| 650 | |a Delincuentes Mexicanos | ||
| 650 | |a Crónica Periodística - |z México | ||
| 650 | |a Crónicas Mexicanas | ||
| 650 | |a Narcotráfico - |z México - |x Tema Principal | ||
| 650 | |a Crimen Organizado - |z México | ||
| 650 | |a Delitos - |z México | ||
| 650 | |a Problemas Sociales - |z México | ||
| 650 | |a Géneros Periodísticos - |z México | ||
| 650 | |a Periodismo Político - |z México | ||
| 650 | |a Prensa - |z Tijuana, Baja California (Norte) | ||
| 650 | |a Prensa - |z México | ||
| 650 | |a Medios Impresos - |z Tijuana, Baja California (Norte) | ||
| 650 | |a Medios Impresos - |z México | ||
| 650 | |a Medios de Comunicación - |z Tijuana, Baja California (Norte) | ||
| 650 | |a Medios de Comunicación - |z México | ||
| 650 | |a Comunicación Masiva - |z Tijuana, Baja California (Norte) | ||
| 650 | |a Comunicación Masiva - |z México | ||
| 650 | |a Comunicación y Política - |z Tijuana, Baja California (Norte) | ||
| 650 | |a Comunicación y Política - |z México | ||
| 650 | |a Política Antidrogas - |z México - |x Historia - |y 1946-2000 | ||
| 650 | |a Política Antidrogas - |z México - |x Historia - |y 2000-2006 | ||
| 650 | |a Política - |z México - |x Historia - |y 1946-2000 | ||
| 650 | |a Política - |z México - |x Historia - |y Siglo XX | ||
| 650 | |a Política - |z México - |x Historia - |y 2000-2006 | ||
| 650 | |a Política - |z México - |x Historia - |y Siglo XXI | ||
| 650 | |a México - |x Condiciones Políticas | ||
| 910 | |a Fondo General | ||
| 920 | |a Impresos - Libros | ||
| 930 | |a Colección General | ||
| 905 | |a 101 | ||
| 901 | |a 0500085253 |b IT1 |c ACC |u 20250521 | ||
| 902 | |a https://opac.biblio.iteso.mx/vufind/Record/000156632 | ||